Sports Quiz

Random Sports or MLB Quiz

MLB Youngest to 200 Career Home Runs Quiz Stats

Quiz Updated Apr 19, 2016

Challenge
Share
Tweet
Embed
Score 0/30 Timer 08:00
2 Plays Today
Age at 200th (Years, Days) Player % Correct
25, 289Alex Rodriguez
89.2%
26, 149Hank Aaron
87.3%
26, 182Ken Griffey Jr.
87.2%
27, 17Willie Mays
85.7%
26, 61Andruw Jones
83.6%
25, 257Albert Pujols
81.7%
25, 279Mickey Mantle
77.9%
27, 2Prince Fielder
71.7%
27, 46Jose Canseco
67.2%
28, 12Frank Thomas
66.6%
28, 1Lou Gehrig
62.5%
27, 20Harmon Killebrew
61.9%
27, 354Reggie Jackson
60.9%
26, 127Miguel Cabrera
60.6%
26, 242Johnny Bench
60.5%
Age at 200th (Years, Days) Player % Correct
27, 181Vladimir Guerrero
59.7%
25, 360Frank Robinson
55.6%
27, 314Manny Ramirez
55.4%
27, 111Darryl Strawberry
54.5%
25, 144Mel Ott
53.6%
27, 148Joe DiMaggio
52.6%
26, 286Juan Gonzalez
52.6%
25, 266Jimmie Foxx
52.2%
25, 242Eddie Mathews
44.6%
27, 144Adam Dunn
39.2%
27, 290Ralph Kiner
32.9%
28, 16Boog Powell
22.2%
26, 276Orlando Cepeda
21.2%
28, 17Rocky Colavito
15.2%
27, 274Hal Trosky
4.8%

You're not logged in!

Compare scores with friends on all Sporcle quizzes.
Join for Free
OR
Log In

You Might Also Like...

Show Comments

Extras

Top Quizzes Today


Score Distribution

Your Account Isn't Verified!

In order to create a playlist on Sporcle, you need to verify the email address you used during registration. Go to your Sporcle Settings to finish the process.

Report this User

Report this user for behavior that violates our Community Guidelines.

Details: